000 00699nam a2200205Ia 4500
003 OSt
005 20250204115014.0
008 210210b1976 xxu||||| |||| 00| 0 eng d
040 _cAL
041 _aKannada
082 _aK894.9 BASK
100 _aBASAVARAJA KATTIMANI.
_dಬಸವರಾಜ ಕಟ್ಟೀಮನಿ.
_9197448
245 _aKundaranadina kanda:Basavaraja Kattimani avara atmakathe.
_b ಕುಂದರನಾಡಿನ ಕಂದ:ಬಸವರಾಜ ಕಟ್ಟೀಮನಿ ಅವರ ಆತ್ಮಕಥೆ.
260 _aDharavada
_bSahitya Shri
_c1976
300 _a266
650 _aBasavaja Kattimani
_9197449
690 _aBiography
_9197450
906 _a032356
942 _2ddc
_cBK
999 _c83475
_d83475